La Sabiduría de la Naturaleza : (Record no. 23283)

000 -CABECERA
fixed length control field 01229nam a22002897i 4500
003 - IDENTIFICADOR DEL NÚMERO DE CONTROL
control field AR-CdUCM
008 - DATOS DE LONGITUD FIJA--INFORMACIÓN GENERAL
fixed length control field 250425b20182018 pe||||| |||| 00| 0 spa d
040 ## - FUENTE DE LA CATALOGACIÓN
Agencia/entidad que catalogó originalmente la obra MUNICIPALIDAD PROVINCIAL DEL CUSCO
Entidad que transcribió la catalogación BIBLIOTECA MUNICIPAL DEL CUSCO
082 ## - NÚMERO DE LA CLASIFICACIÓN DECIMAL DEWEY
No. de Clasificación EP / 370 / O47
Notacion interna O47
100 ## - ENTRADA PRINCIPAL--NOMBRE DE PERSONA
Nombre Personal Ollachica Mendoza, Carmen Rosa
245 ## - MENCIÓN DE TÍTULO
Título La Sabiduría de la Naturaleza :
Resto del título Señas y secretos de un mundo vivo /
260 ## - PUBLICACIÓN, DISTRIBUCIÓN, ETC.
Lugar de publicación, distribución, etc. Cusco :
Nombre de la editorial, distribuidor, etc. CEPROSI - Centro de Promoción de Sabidurías Interculturales
Fecha de publicación, distribución, etc. 2018
300 ## - DESCRIPCIÓN FÍSICA
Nº de Páginas Extensión 85 páginas. :
Otros detalles físicos Ilustraciones
Dimensiones 30x21 cm.
505 ## - NOTA DE CONTENIDO CON FORMATO
Nota de contenido formateada Señas de la naturaleza -- Señas biológicas -- Señas de plantas -- Señas de animales -- Señas de fenómenos meteorológicos y astros -- Secretos para la crianza de la chacra
650 ## - PUNTO DE ACCESO ADICIONAL DE MATERIA--TÉRMINO DE MATERIA
Descriptor Señas de plantas
9 (RLIN) 51155
650 ## - PUNTO DE ACCESO ADICIONAL DE MATERIA--TÉRMINO DE MATERIA
Descriptor Señas de animales
9 (RLIN) 51156
650 ## - PUNTO DE ACCESO ADICIONAL DE MATERIA--TÉRMINO DE MATERIA
Descriptor Sala infantes
9 (RLIN) 51157
700 ## - PUNTO DE ACCESO ADICIONAL--NOMBRE DE PERSONA
Nombre Personal Layme Narváez, Brígida
9 (RLIN) 51158
700 ## - PUNTO DE ACCESO ADICIONAL--NOMBRE DE PERSONA
Nombre Personal Huarca Vargas, Petronila
9 (RLIN) 51159
700 ## - PUNTO DE ACCESO ADICIONAL--NOMBRE DE PERSONA
Nombre Personal Soto Meza, Justina
9 (RLIN) 51160
700 ## - PUNTO DE ACCESO ADICIONAL--NOMBRE DE PERSONA
Nombre Personal Paucar Tayro, Berna Lucia
9 (RLIN) 51161
700 ## - PUNTO DE ACCESO ADICIONAL--NOMBRE DE PERSONA
Nombre Personal Condori Velásquez, Teófila
9 (RLIN) 51162
700 ## - PUNTO DE ACCESO ADICIONAL--NOMBRE DE PERSONA
Nombre Personal Montufar Yépez Nancy Zunilda
9 (RLIN) 51163
942 ## - ELEMENTOS DE PUNTO DE ACCESO ADICIONAL (KOHA)
Fuente de clasificación
Tipo de item Libros-BMC
945 ## - PROCESAMIENTO DE INFORMACIÓN LOCAL (OCLC)
Catalogador pbjr
AAAA-MM-DD - Fecha de ingreso o modificacion 25-04-2025
Holdings
Estado de retiro (separado) Fuente de clasificación o esquema de estanterías Estado dañado Ubicación Sala donde se ubica Nombre de la colección Fecha de adquisición o compra Fuente de adquisición Costo, precio normal en soles Signatura topográfica Código de Barras Última vez visto (Koha) Tipo de ítem (Koha)
No     Sala de Infantes Sala de Infantes Book Cart 2025-04-25 Donación 10.00 EP / 370 / O47 SI00005020 2025-04-25 Libros-BMC

Powered by Koha